|
|
|
|
| LEADER |
00675cam a2200145ua 4500 |
| 082 |
|
|
|a H891.434
|b VID/D
|
| 100 |
0 |
|
|a विद्यानिवास मिश्रा
|
| 245 |
0 |
0 |
|a देश, दरम और साहित्य: विचार प्रधान निबंधों का संग्रह
|
| 260 |
|
|
|a New Delhi:
|b Radhakrishna,
|c 1999.
|
| 300 |
|
|
|a 107p.
|
| 650 |
0 |
|
|a Hindi essaysDesh, dharma aur sahitya: Vichar pradhan nibandhom ka sangrah
|a Hindi essays
|
| 700 |
|
|
|a Vidya Nivas Mishra
|
| 942 |
|
|
|c BK
|
| 999 |
|
|
|c 12042
|d 12042
|
| 952 |
|
|
|0 0
|1 0
|4 0
|6 H_891_434000000000000_VID
|7 0
|9 12566
|a KUCL
|b KUCL
|d 2014-05-23
|l 0
|o H891.434 VID/
|p 13921
|r 2014-05-23
|w 2014-05-23
|y BK
|